School Counseling to Close the Achievement Gap: A Social Justice Framework for sucess (Record no. 24082)

MARC details
000 -LEADER
fixed length control field 00580nam a22001817a 4500
003 - CONTROL NUMBER IDENTIFIER
control field OSt
005 - DATE AND TIME OF LATEST TRANSACTION
control field 20260612111135.0
008 - FIXED-LENGTH DATA ELEMENTS--GENERAL INFORMATION
fixed length control field 260612b |||||||| |||| 00| 0 eng d
020 ## - INTERNATIONAL STANDARD BOOK NUMBER
International Standard Book Number 978-1-4129-4183-9
040 ## - CATALOGING SOURCE
Transcribing agency Chuka University Library
050 ## - LIBRARY OF CONGRESS CALL NUMBER
Classification number LB 1027.5 .H6 2007
100 ## - MAIN ENTRY--PERSONAL NAME
Personal name Holcomb-McCoy Cheryl
9 (RLIN) 28772
245 ## - TITLE STATEMENT
Title School Counseling to Close the Achievement Gap: A Social Justice Framework for sucess
260 ## - PUBLICATION, DISTRIBUTION, ETC.
Place of publication, distribution, etc. USA
Name of publisher, distributor, etc. Corwin Press
Date of publication, distribution, etc. 2007
300 ## - PHYSICAL DESCRIPTION
Extent xii, 159P
Other physical details Illustrations, Preface and Index
650 ## - SUBJECT ADDED ENTRY--TOPICAL TERM
Topical term or geographic name entry element Academic Achievement
9 (RLIN) 22117
942 ## - ADDED ENTRY ELEMENTS (KOHA)
Source of classification or shelving scheme Library of Congress Classification
Koha item type Long Loan Books
Suppress in OPAC No
Holdings
Withdrawn status Lost status Source of classification or shelving scheme Damaged status Not for loan Collection Home library Current library Shelving location Date acquired Source of acquisition Cost, normal purchase price Total Checkouts Full call number Barcode Date last seen Price effective from Koha item type
    Library of Congress Classification     General Collection Books Main Campus Library Main Campus Library General Stacks 10/07/2025 Donation From Books For Africa 3883.50   LB 1027.5 .H6 2007 34205/2026 12/06/2026 12/06/2026 Long Loan Books

Powered by Koha